Učebné osnovy sú preplnené obsahom

Dobre fungujúce školstvo nevyhnutne potrebuje kvalitný odborný servis. Štátny pedagogický ústav (ŠPÚ) je jednou z kľúčových inštitúcií slovenského školstva. Aktivity, aktuálne úlohy a perspektívy ŠPÚ. Priority ŠPÚ. Potreba obsahovej reformy výchovno-vzdelávacej sústavy. Nevyhnutnosť reforiem v škols...

Full description

Saved in:
Bibliographic Details
Main Author: Pajtinka, Ľubomír
Format: Book Chapter
Language:Slovak
Subjects:
Tags: Add Tag
No Tags, Be the first to tag this record!

MARC

LEADER 00000naa$a2200000$$$4500
001 0053025
005 20231016085355.6
041 0 |a slo 
044 |a SK 
245 1 0 |a Učebné osnovy sú preplnené obsahom  |c Ľubomír Pajtinka 
520 |a Dobre fungujúce školstvo nevyhnutne potrebuje kvalitný odborný servis. Štátny pedagogický ústav (ŠPÚ) je jednou z kľúčových inštitúcií slovenského školstva. Aktivity, aktuálne úlohy a perspektívy ŠPÚ. Priority ŠPÚ. Potreba obsahovej reformy výchovno-vzdelávacej sústavy. Nevyhnutnosť reforiem v školstve. Problémové učebnice. 
610 2 0 |a školstvo 
610 2 0 |a školy 
610 2 0 |a reformy školské 
610 2 0 |a učitelia 
610 2 0 |a učebnice 
610 2 0 |a Slovensko 
100 1 |a Pajtinka, Ľubomír